[Event "12th Agzamov Memorial 2018"]
[Site "Tashkent"]
[Date "2018.04.23"]
[Round "1"]
[White "Shvetsov, Maksim"]
[Black "Sivuk, Vitaly"]
[Result "0-1"]
[WhiteElo "1853"]
[BlackElo "2525"]
[Annotator "TA"]
[PlyCount "86"]
[EventDate "2018.??.??"]
[EventType "swiss"]
[EventCountry "UZB"]
[SourceTitle "playchess.com"]
[Source "ChessBase"]
[SourceQuality "1"]

{[%evp 15,86,22,26,-12,-7,-24,-14,-33,-8,-8,-7,-35,-31,-42,-18,-18,-22,-18,-15,-29,22,8,43,0,-7,-102,-98,-142,-139,-137,-133,-122,-129,-220,-201,-243,-207,-200,-189,-200,-202,-202,-197,-175,-171,-263,-243,-302,-211,-209,-205,-248,-250,-245,-244,-240,-256,-243,-227,-402,-275,-258,-239,-238,-240,-234,-229,-375,-363,-489,-489,-487,-481]} 1. e4 c5 2. Nf3 d6 3. c3 Nf6 4. Be2 Nbd7 5. d3 b6 6. O-O Bb7 7. Re1 g6 8. Bf1 {B50: Sicilian: 2...d6, Miscellaneous} Bg7 {LiveBook: 26 Games} 9. Bf4 $146 ({Predecessor:} 9. a3 O-O 10. b4 c4 11. Nbd2 cxd3 12. Bxd3 Rc8 13. Bb2 d5 14. Qb3 dxe4 15. Nxe4 Nxe4 16. Bxe4 Bxe4 17. Rxe4 {½-½ (35) Neuman,P (2420)-Hracek,Z (2608) Prague 2016}) 9... O-O 10. Qd2 {The position is equal.} e5 11. Bh6 Re8 12. Bxg7 Kxg7 13. Na3 d5 {[%cal Rd5e4]} 14. exd5 Nxd5 15. Nc4 Qc7 16. d4 exd4 17. cxd4 N7f6 ({Black should try} 17... N5f6) 18. Nce5 $11 Re7 19. g3 Rd8 20. Rac1 {[#]} (20. dxc5 $11 {remains equal.} bxc5 21. b3) 20... Nb4 $1 $17 21. Bg2 Nxa2 22. Ra1 Bxf3 $1 23. Nxf3 {Hoping for Rxe7.} Nb4 24. Nh4 (24. Rxe7 $17 Qxe7 25. Qc3) 24... h6 25. Nf3 Nc6 26. Rxe7 Qxe7 ({But not} 26... Nxe7 27. Qe3 $17) 27. Qe3 Qxe3 (27... cxd4 28. Qxe7 Nxe7 29. Rxa7 $17) 28. fxe3 cxd4 29. exd4 a5 30. Ne5 (30. Rd1 {might work better.}) 30... Nxd4 $19 31. Nc4 Rc8 32. Nxb6 Rc2 33. h3 Nh5 34. Rxa5 Nxg3 35. b4 Nge2+ 36. Kf2 Rb2 37. Nd5 $2 {[#]} (37. Nc4 Rxb4 38. Nd6) 37... Nf4+ 38. Ke3 Nxd5+ ({Weaker is} 38... Nxg2+ 39. Kxd4 Nh4 40. Ra3 $11) 39. Bxd5 Nf5+ ({Don't take} 39... Rxb4 40. Ra7) 40. Kd3 Rxb4 41. Bc4 (41. Ke2 {was necessary.}) 41... Nd6 42. Bd5 Rb5 43. Rxb5 Nxb5 {Precision: White = 28%, Black = 62%.} 0-1

[Event "12th Agzamov Memorial 2018"]
[Site "Tashkent"]
[Date "2018.04.23"]
[Round "1"]
[White "Kim, Lev"]
[Black "Hamitevici, Vladimir"]
[Result "0-1"]
[WhiteElo "1847"]
[BlackElo "2508"]
[Annotator "TA"]
[PlyCount "110"]
[EventDate "2018.??.??"]
[EventType "swiss"]
[EventCountry "UZB"]
[SourceTitle "playchess.com"]
[Source "ChessBase"]
[SourceQuality "1"]

{[%evp 20,110,0,0,40,39,43,5,17,15,10,0,2,0,0,12,7,0,193,201,192,191,186,-76,-62,-68,-68,-66,-70,-70,-66,-66,-63,-60,-59,-59,-59,-79,-71,-107,-53,-82,-37,-46,-41,-52,-38,-66,-62,-110,-119,-170,-184,-213,-211,-302,-284,-504,-454,-470,-425,-664,-624,-819,-782,-1016,-1014,-990,-1001,-918,-791,-762,-744,-858,-865,-833,-778,-791,-802,-1551,-1536,-1494,-1266,-1522,-1055,-1371,-1158,-1140,-1069,-1054,-1010,-972,-755]} 1. c4 f5 2. Nf3 Nf6 3. g3 d6 4. d4 g6 5. Bg2 Bg7 6. O-O O-O 7. Nc3 c6 8. d5 e5 9. dxe6 Bxe6 10. Qd3 Qe7 11. Ng5 {LiveBook: 7 Games} Bc8 {A86: Dutch Defence: Leningrad System: Unusual lines and 5 Nh3} 12. Rd1 (12. Bf4 Ne8 13. Rae1 h6 14. Nf3 g5 15. Bc1 Nd7 16. Qc2 a5 17. e4 f4 18. gxf4 g4 19. Nd2 Rxf4 {0-1 (43) Saravanan,V (2306)-Ivanchuk,V (2752) Caleta 2017}) 12... Rd8 13. Rb1 $146 ({Predecessor:} 13. Bf4 Nh5 14. Be3 h6 15. Nf3 Be6 16. Bc5 Bf8 17. Ba3 Na6 18. b3 Qf7 19. Nd4 {0-1 (50) Obiamiwe,P (1891)-Kuenitz,K (1767) Caleta 2018}) 13... Na6 {The position is equal.} 14. b4 h6 15. Nh3 Ne4 16. Nxe4 fxe4 17. Qe3 Qf7 18. Bb2 Qxc4 $2 (18... Bf5 $1 $11 {and Black is okay.}) 19. Bxg7 $1 $18 Kxg7 20. Rd4 $1 {[%cal Rd4c4]} ({And not} 20. Rdc1 Qf7 $11) 20... Qxa2 {[#]} 21. Qxe4 $2 (21. Rbd1 $1 $18) 21... Bf5 $36 {[%mdl 2048] Black has good play.} 22. Qe7+ Qf7 23. Qxf7+ Kxf7 24. Rbd1 Rab8 25. e4 Bxh3 26. Bxh3 Ke7 27. f4 Nc7 28. f5 gxf5 29. Bxf5 Ra8 (29... Ne6 $17 30. R4d2 Ng5) 30. g4 $15 a5 31. bxa5 $1 Rxa5 32. R4d3 $1 Raa8 33. Rh3 Rh8 34. Rh5 {[#]} Ne6 $1 35. Rf1 (35. Rh3 $17) 35... Nd4 $19 36. Kf2 c5 37. Ke3 (37. Kg1 {was worth a try.}) 37... b5 38. Rf2 $2 (38. e5 dxe5 39. Bd3) 38... Ra3+ {Black is clearly winning.} 39. Kf4 Nc6 40. g5 (40. Rf3 $142 Rxf3+ 41. Kxf3) 40... hxg5+ 41. Rxg5 {intending Rg7+.} Ne5 42. Rg3 Rxg3 43. Kxg3 {[%mdl 4096] Endgame KRB-KRN} Rg8+ 44. Kh4 b4 45. Rb2 Nf3+ 46. Kh3 Kf6 47. Bg4 Ng5+ 48. Kg3 Ke5 49. h4 Nxe4+ 50. Kh3 {[#]} b3 $1 51. Be2 (51. Rxb3 Nf2+) 51... Rg3+ 52. Kh2 Rc3 53. Bd1 c4 54. h5 Ng5 55. Kg2 Rc1 {Precision: White = 48%, Black = 75%.} 0-1

[Event "12th Agzamov Memorial 2018"]
[Site "Tashkent"]
[Date "2018.04.23"]
[Round "1"]
[White "Salimova, Asal"]
[Black "Kotanjian, Tigran"]
[Result "0-1"]
[WhiteElo "1821"]
[BlackElo "2481"]
[Annotator "TA"]
[PlyCount "116"]
[EventDate "2018.??.??"]
[EventType "swiss"]
[EventCountry "UZB"]
[SourceTitle "playchess.com"]
[Source "ChessBase"]
[SourceQuality "1"]

{[%evp 15,116,-39,-15,-37,-25,-27,-8,-31,-29,-36,-24,-46,-42,-52,-49,-56,-47,-70,-68,-102,-85,-106,-102,-104,-108,-114,-97,-116,-116,-122,-133,-140,-106,-129,-56,-62,-43,-43,-14,-41,-16,-24,6,-57,-49,-138,-143,-148,-167,-202,-196,-226,-197,-206,-201,-246,-172,-169,-149,-148,-127,-127,-105,-145,-144,-146,-137,-210,-206,-205,-203,-203,-204,-210,-210,-187,-183,-305,-305,-302,-302,-252,-243,-305,-305,-305,-305,-1350,-1446,-1083,-1037,-1682,-1610,-1433,-1227,-1044,-1032,-29989,-29990,-29990,-29981,-29978,-29977]} 1. Nf3 d5 2. g3 c5 3. Bg2 Nc6 4. d3 Nf6 5. O-O e6 6. Nbd2 Be7 7. c4 O-O {A30: Symmetrical English: Double Fianchetto and Hedgehog} 8. a3 b6 {LiveBook: 3 Games} 9. Rb1 Bb7 {Black is slightly better.} 10. b3 Qc7 11. Bb2 d4 12. b4 e5 13. bxc5 bxc5 $146 ({Predecessor:} 13... Bxc5 14. Nb3 Nd7 15. Na1 Rad8 16. Nc2 Rfe8 17. Nb4 Nxb4 18. axb4 Bxb4 19. Bxd4 {½-½ (37) Habibi,A (2380)-Georges,S (2320) Suhr 1992}) 14. Qa4 Rab8 15. Bc1 Ba8 16. Nb3 Nd7 {...Nb6 is the strong threat.} 17. Bd2 Nb6 18. Ba5 Qd6 19. Bxb6 axb6 20. Nfd2 Qc7 21. Rb2 Na7 22. Rfb1 Bxg2 23. Kxg2 Ra8 24. Na1 Rfb8 ({Better is} 24... Nc6 $17 25. Qb3 Ra6) 25. Qd1 $15 Nc8 26. Nc2 Nd6 27. Rb3 f5 {[%cal Bf7f5,Bf5f4][%mdl 32]} 28. e3 Qc6+ 29. f3 ({White should try} 29. Kg1 $11) 29... Bg5 $36 {[%mdl 2048] Black has the initiative.} 30. e4 (30. Qe1 $15) 30... f4 $17 31. h4 Bd8 32. Qh1 fxg3 33. Qh3 Ne8 34. Nf1 Qh6 35. Qxg3 Bc7 (35... Bxh4 36. Qxe5 Kh8 37. Qh2 $11) 36. Nh2 Qd2+ 37. Qf2 Qxf2+ 38. Kxf2 Nf6 39. Rg1 Nh5 40. Ng4 Kf7 41. Ke1 (41. Nxe5+ $17 Bxe5 42. Rg5) 41... Nf4 $19 42. Kd2 h5 43. Nf2 Bd8 44. Rh1 Ng6 45. Nh3 Bxh4 46. Rf1 (46. Ne1 {might work better.}) 46... Nf4 47. Nxf4 {[#] Black must now prevent Nd5.} Bg5 ({Weaker is} 47... exf4 48. Rh1 $17) 48. Ke2 Bxf4 49. Rfb1 Ra6 50. Rb5 h4 {[%cal Bh5h4,Bh4h3][%mdl 32]} 51. Rxc5 $2 (51. Kf2) 51... bxc5 52. Rxb8 {[%mdl 4096] Endgame KRB-KRN} h3 53. Rb7+ Kg8 54. Rb8+ Kh7 55. Rb1 Rg6 56. Rf1 Rg2+ {Black mates.} 57. Rf2 {[#]} Be3 $1 {[%mdl 512]} 58. Nxe3 Rxf2+ {Precision: White = 33%, Black = 71%.} 0-1

[Event "12th Agzamov Memorial 2018"]
[Site "Tashkent"]
[Date "2018.04.23"]
[Round "1"]
[White "Tashbulov, Normamat"]
[Black "Khusenkhojaev, Muhammad"]
[Result "0-1"]
[WhiteElo "1796"]
[BlackElo "2456"]
[Annotator "TA"]
[PlyCount "138"]
[EventDate "2018.??.??"]
[EventType "swiss"]
[EventCountry "UZB"]
[SourceTitle "playchess.com"]
[Source "ChessBase"]
[SourceQuality "1"]

{[%evp 21,137,-1,-2,-24,-22,-47,-47,-35,-36,-39,-42,-38,-33,-50,-33,-46,-35,-30,-39,-100,-114,-115,-117,-121,-111,-114,-118,-115,-118,-129,-127,-162,-120,-123,-108,-114,-108,-106,-109,-106,-97,-91,-44,-106,-44,-44,-44,-75,-44,-44,-44,-77,0,0,0,0,0,0,0,-151,-131,-118,-110,-113,-84,-236,0,0,0,0,0,-885,-710,-5908,-7455,-12841,-12841,-12841,-12842,-12842,-12843,-12843,-12843,-12844,-12844,-12845,-12843,-12842,-12842,-12850,-12850,-29974,-12851,-29981,-29982,-29985,-29986,-29986,-29987,-29987,-29988,-29988,-29989,-29989,-29990,-29994,-29990,-29990,-29990,-29990,-29991,-29995,-29990,-29990,-29991,-29994,-29993,-29999]} 1. d4 Nf6 2. c4 g6 3. Nc3 d5 4. e3 Bg7 5. Nf3 O-O 6. Be2 c5 7. O-O cxd4 8. exd4 Nc6 {[%cal Bb8c6,Bc6a5,Ba5c4][%mdl 32]} 9. h3 Bf5 10. Be3 dxc4 11. Bxc4 Rc8 {LiveBook: 10 Games. D94: Grünfeld: 4 Nf3 Bg7 5 e3} 12. Qe2 (12. a3 Ne4 13. Ba2 Nxc3 14. bxc3 Na5 15. Re1 Rxc3 16. Bd2 Rd3 17. Bb1 Rxd2 18. Nxd2 Qxd4 19. Ra2 Be6 20. Rc2 Nc6 21. Qf3 {0-1 (56) Sammalvuo,T (2464)-Nielsen,P (2662) Dresden 2008}) 12... Na5 13. Bd3 Bxd3 {Black is slightly better.} 14. Qxd3 Nc4 $146 ({Predecessor:} 14... Nd5 15. Nxd5 Qxd5 16. Qa3 e6 17. b3 a6 18. Rac1 Nc6 19. Rfd1 {0-1 (52) Molet,A (2007)-Philippe,C (2411) La Fere 2005}) 15. Qe2 Nd5 16. Nxd5 $1 Qxd5 17. b3 $1 {[%cal Rb3c4]} Nd6 18. Rac1 Nf5 19. Rc4 b5 20. Rc5 (20. Rxc8 $15 Rxc8 21. Qd2) 20... Nxd4 $17 21. Bxd4 Rxc5 22. Bxc5 Qxc5 23. Rd1 Bf6 24. Qe4 Qc7 25. Rd5 a6 26. Ne5 Bxe5 27. Qxe5 Qxe5 28. Rxe5 $19 {[%mdl 4096] Endgame KR-KR} e6 29. a4 bxa4 30. bxa4 Rc8 31. g4 h6 32. Kg2 (32. Ra5 $15) 32... Kf8 ({Black should play} 32... g5 $17 33. h4 Rc4) 33. Ra5 $15 Rc6 34. f4 Ke7 35. h4 Kd6 36. f5 gxf5 (36... exf5 $17 37. gxf5 Ke7 38. fxg6 fxg6) 37. gxf5 $11 e5 38. h5 $1 f6 39. Kg3 Kc7 40. Kh3 $2 {[#]} (40. Kf3 $1 $11) 40... Rd6 $1 $17 41. Rc5+ Kb7 42. Rc3 Rd1 43. a5 $2 (43. Kg2 $17) 43... Rf1 $2 ({Black should try} 43... Rd5 $19 44. Rb3+ Rb5) 44. Rb3+ $11 Ka7 45. Rb6 $1 {[%cal Rb6f6]} Rxf5 {[#] aiming for ...e4.} 46. Kh4 $2 {[%mdl 8192]} (46. Kg4 $11 Rf1 47. Re6) 46... e4 $19 {[%cal Be5e4,Be4e3,Be3e2][%mdl 32]} 47. Re6 Re5 48. Rxf6 e3 49. Rf7+ Kb8 {( -> ...e2)} 50. Rf1 Kc7 51. Kg4 e2 52. Re1 Kc6 53. Kf4 Re6 54. Kf3 Kb5 55. Rxe2 Rxe2 56. Kxe2 Kxa5 {KPP-KP} 57. Kf3 Kb4 {Black mates.} 58. Kf4 a5 59. Kf5 a4 60. Kg6 a3 61. Kxh6 {KP-KP} a2 62. Kh7 a1=Q 63. h6 Kc5 64. Kg8 Qa8+ 65. Kg7 Qb7+ 66. Kg8 Qc8+ 67. Kg7 Qg4+ 68. Kh8 Qf5 69. h7 Qf8# {Precision: White = 39%, Black = 73%.} 0-1

[Event "12th Agzamov Memorial 2018"]
[Site "Tashkent"]
[Date "2018.04.24"]
[Round "2"]
[White "Korneev, Oleg"]
[Black "Kurbonboeva, Sarvinoz"]
[Result "1-0"]
[WhiteElo "2546"]
[BlackElo "2219"]
[Annotator "TA"]
[PlyCount "79"]
[EventDate "2018.??.??"]
[EventType "swiss"]
[EventCountry "UZB"]
[SourceTitle "playchess.com"]
[Source "ChessBase"]
[SourceQuality "1"]

{[%evp 13,79,75,72,76,79,46,98,90,91,84,106,72,164,121,129,103,123,119,174,137,192,192,179,170,186,141,167,160,187,142,172,151,143,37,114,95,142,125,139,96,78,79,76,83,83,84,85,88,75,84,277,261,263,266,354,354,427,406,2685,1620,2919,2852,2712,2667,2504,2135,5069,4820]} 1. d4 d5 2. Nf3 c5 3. c4 cxd4 4. cxd5 Qa5+ 5. Qd2 Qxd2+ (5... Qxd5 6. Nc3 Qa5 7. Nxd4 e5 8. Nb3 Qb4 9. Nd5 Qd6 10. e4 Nf6 11. Nxf6+ Qxf6 12. Bb5+ Bd7 13. Bxd7+ Nxd7 {½-½ (27) Bozyavkin,A (2451)-Remis Fernandez,J (2446) ICCF email 2015}) 6. Bxd2 {D06: Queen's Gambit: Symmetrical and Baltic Defences} Nf6 7. Nxd4 Nxd5 {LiveBook: 3 Games} 8. e4 {White is better.} Nb6 9. Nc3 Bd7 $146 (9... e5 $14) ({Predecessor:} 9... e5 10. Nf3 Nc6 11. Nb5 Kd8 12. Be3 Bb4+ 13. Kd1 {½-½ (42) Garcia Garcia,R-Perez Arias,R Valladolid 1992}) 10. Ndb5 $16 {aiming for Nc7+.} Na6 11. Be3 e6 12. a3 Nc8 (12... Be7 $16) 13. f3 Be7 14. Rd1 Bc6 15. Kf2 O-O (15... Bd8 $16 16. Nd4 Nb8) 16. Be2 Rd8 (16... Nc5 $16 17. b4 Na6) 17. Rxd8+ $18 Bxd8 18. Rd1 $1 {[%cal Rd1d8]} Be7 19. g4 Kf8 20. g5 Ke8 21. h4 Bd8 22. h5 Nc7 23. h6 ({White should try} 23. g6 $16 hxg6 24. hxg6 fxg6 25. Bg5) 23... g6 ({Better is} 23... gxh6 $14 24. gxh6 Nxb5 25. Nxb5 a6) 24. Nd4 $16 Bd7 25. f4 Ne7 26. Ndb5 Nxb5 27. Bxb5 Bxb5 28. Nxb5 {Nd6+ is the strong threat.} Nc8 29. Rc1 $36 {[%mdl 2048] Keeping Black busy.} Kd7 30. Kf3 a6 31. Nc3 Bb6 $2 {[#]} (31... b6 $16 {was necessary.}) 32. Na4 $1 $18 Bxe3 33. Kxe3 {[%mdl 4096] Endgame KRN-KRN} Rb8 34. Kd4 b6 {[#]} 35. Ke5 $1 f5 (35... Rb7 $142 36. Kf6 Kd8) 36. gxf6 {[%cal Bg5f6,Bf6f7][%mdl 32] White is clearly winning.} Na7 37. f7 Nc6+ {[#]} 38. Rxc6 $1 {[%mdl 512]} Kxc6 39. Kxe6 b5 40. Nc3 {Precision: White = 65%, Black = 39%.} 1-0

[Event "12th Agzamov Memorial 2018"]
[Site "Tashkent"]
[Date "2018.04.24"]
[Round "2"]
[White "Vakhidov, Jakhongir"]
[Black "Khusenkhojaev, Mustafokhuja"]
[Result "1-0"]
[WhiteElo "2542"]
[BlackElo "2218"]
[Annotator "TA"]
[PlyCount "65"]
[EventDate "2018.??.??"]
[EventType "swiss"]
[EventCountry "UZB"]
[SourceTitle "playchess.com"]
[Source "ChessBase"]
[SourceQuality "1"]

{[%evp 14,65,34,32,41,29,34,45,35,46,43,33,25,27,29,37,68,14,72,-35,0,0,0,-20,48,52,75,85,120,124,102,122,302,217,210,213,212,220,212,204,417,396,507,481,729,716,829,818,1241,1241,1156,1154,1091,1017]} 1. c4 Nf6 2. Nc3 d5 3. cxd5 Nxd5 4. g3 g6 5. Bg2 Nxc3 6. bxc3 Bg7 7. h4 h6 8. Rb1 {LiveBook: 14 Games} O-O {A16: English Opening: 1...Nf6 with ...d5} (8... c6 9. Nf3 Nd7 10. O-O Qa5 11. Qb3 O-O 12. d3 Nc5 13. Qa3 Qxa3 14. Bxa3 Na4 15. c4 Nc3 16. Rb2 {1-0 (44) Eljanov,P (2690)-Rakhmanov,A (2593) Moscow 2012}) 9. Rxb7 (9. Bxb7 $2 Bxb7 10. Rxb7 Qd5 $19) 9... Bxb7 10. Bxb7 Nd7 {White is slightly better.} 11. Bxa8 Qxa8 12. Nf3 Qc6 $146 ({Predecessor:} 12... Ne5 13. O-O Nxf3+ 14. exf3 Qd5 15. Qa4 a6 16. Re1 {1-0 (44) Kuhlmann,C (2067)-Braginsky,A (2084) Bayern 2011}) 13. O-O Qc4 14. a3 Rd8 15. Nd4 ({Better is} 15. d3 $14 Qxc3 16. Qa4) 15... Nc5 (15... Nb6 $11) 16. Bb2 (16. d3 $16 Qxc3 17. Nc6) 16... Na4 {[%mdl 1024] Black has compensation.} 17. Ba1 c5 $1 {[%cal Rc5d4]} 18. Nc6 Rd7 (18... Rd6 $1 $11 19. d3 (19. Nxa7 Bf6 $15) (19. Nxe7+ Kf8 $11) 19... Qa6 20. Nxe7+ Kf8) 19. d3 $14 Qb5 {[#]} 20. Ne5 $1 $36 {[%mdl 2048] White has strong initiative.} Rb7 21. c4 Qb3 22. Qc1 Nb2 $2 (22... Qb6 $16) 23. Qf4 e6 24. Ng4 f5 25. Ne5 ({Resist} 25. Nxh6+ $6 Kh7 $16) 25... Kh7 26. h5 g5 $2 (26... gxh5 {is a better defense.} 27. Qe3 Rc7) 27. Qe3 $18 Qxa3 28. Nc6 {White is clearly winning.} e5 (28... Qc3 $142 29. Nd8 Re7 30. Qxc5 Re8) 29. Qf3 Rf7 30. Qd5 Rf6 31. Ne7 {[%csl Ge7][%cal Rd5g8]} Rf8 {[#]} 32. Nxf5 $1 {[%mdl 512]} Rxf5 33. Qe4 {Precision: White = 70%, Black = 33%.} 1-0

[Event "12th Agzamov Memorial 2018"]
[Site "Tashkent"]
[Date "2018.04.24"]
[Round "2"]
[White "Sivuk, Vitaly"]
[Black "Nadirjanova, Nodira"]
[Result "1-0"]
[WhiteElo "2525"]
[BlackElo "2179"]
[Annotator "TA"]
[PlyCount "91"]
[EventDate "2018.??.??"]
[EventType "swiss"]
[EventCountry "UZB"]
[SourceTitle "playchess.com"]
[Source "ChessBase"]
[SourceQuality "1"]

{[%evp 16,91,46,35,54,49,57,44,49,38,51,11,12,11,47,42,64,51,67,56,77,33,34,27,45,-304,55,-58,0,0,37,0,62,-93,-107,-135,-126,-147,-162,-170,-157,-147,-157,-183,-168,-146,-88,-83,-77,-507,-496,-518,-413,-686,-168,-162,-138,-105,-3,-3,-3,-4,-4,-4,-9,-7,-6,-8,-3,-3,0,-10,0,-15,-12,-11,-13,-49]} 1. d4 d5 2. c4 c6 3. Nf3 Nf6 4. e3 e6 5. b3 Nbd7 6. Bd3 Bd6 7. Bb2 Qe7 {A06: Réti Opening:1 Nf3 d5} 8. Ne5 O-O 9. O-O {LiveBook: 38 Games} g6 $146 {White is slightly better.} ({Predecessor:} 9... c5 10. Nd2 b6 11. e4 cxd4 12. Nc6 Qe8 13. exd5 e5 14. Re1 Nc5 15. Bf1 {1-0 (25) Vidit,S (2718)-Ivlev,A (2300) chess.com INT 2018}) 10. Nd2 Ba3 11. Bxa3 Qxa3 12. f4 c5 13. Qc2 cxd4 14. exd4 dxc4 15. bxc4 Qd6 16. Qb2 b6 17. Ndf3 Rb8 18. Rad1 Bb7 19. Ng5 h6 20. Kh1 $2 {[%mdl 8192]} (20. Ngf3 $14 {keeps the upper hand.}) 20... Kg7 $2 (20... hxg5 $19 21. fxg5 Ne4 22. Bxe4 Bxe4) 21. c5 (21. Ngf3 $14) 21... Qe7 (21... bxc5 $15 22. Nxd7 Qxd7 23. dxc5 Qe7) 22. Ngxf7 {Strongly threatening c6.} Rxf7 23. Nxg6 Qe8 {[#]} (23... Qd8 $11 24. Qf2 bxc5) 24. Rde1 $2 (24. c6 $1 $14 {[%mdl 512] stays ahead.} Bxc6 25. Rde1) 24... bxc5 $17 {Hoping for ...c4!} 25. f5 Be4 $1 26. Qd2 exf5 27. Nh4 {[#]} Qf8 $1 28. Nxf5+ Bxf5 29. Rxf5 cxd4 30. Qf4 Qb4 (30... Kh8 $142 31. Rf1 Rb6) 31. Rf1 Rbf8 {White must now prevent ...Qc3.} 32. Rb5 $2 {[%mdl 8192]} (32. h3 $17) 32... Qc3 $19 33. Rb3 Qc5 34. Rb5 {[#]} (34. h3 $142 Nh5 35. Qg4+ Kh8 36. Rxf7 Rxf7 37. Qh4) 34... Nh5 $2 (34... Ne4 $1 {[%mdl 512]} 35. Rxc5 (35. Bxe4 Rxf4) 35... Rxf4 36. Rxf4 Ndxc5 37. Rxf8 Kxf8) 35. Qg4+ Kh8 36. Rd1 Qc3 (36... Nhf6 $17 37. Qh4 Qa3) 37. Rxh5 $11 {The position is equal.} Qxd3 $1 38. Rxh6+ Rh7 39. Rxh7+ Qxh7 40. Qxd4+ Nf6 41. h3 Rf7 42. Rf1 Kg7 43. Rf3 Qe4 44. Qc3 Qb1+ 45. Kh2 Qb8+ 46. Rg3+ {[%mdl 32768] Precision: White = 38%, Black = 32%. . Loss on Time!?} 1-0

[Event "12th Agzamov Memorial 2018"]
[Site "Tashkent"]
[Date "2018.04.24"]
[Round "2"]
[White "Hamitevici, Vladimir"]
[Black "Jabborberganov, Dilmurod"]
[Result "1-0"]
[WhiteElo "2508"]
[BlackElo "2149"]
[Annotator "TA"]
[PlyCount "161"]
[EventDate "2018.??.??"]
[EventType "swiss"]
[EventCountry "UZB"]
[SourceTitle "playchess.com"]
[Source "ChessBase"]
[SourceQuality "1"]

{[%evp 9,161,47,52,47,52,50,45,39,42,38,54,43,45,63,78,105,123,44,52,45,36,0,0,0,0,-18,0,-27,-20,-26,47,39,40,42,53,31,50,26,54,62,85,84,107,80,100,-15,-8,-9,0,0,24,-12,-14,-27,-13,-56,-45,-127,-76,-90,0,0,54,51,50,39,67,28,31,6,34,12,12,0,0,-14,44,24,24,20,15,0,10,8,123,120,112,61,95,90,86,69,86,58,229,232,206,115,131,95,98,102,93,93,241,250,265,234,273,163,184,160,161,158,179,158,186,0,171,0,199,195,199,141,219,216,204,191,356,361,349,282,275,203,395,397,369,345,413,423,437,454,451,429,487,475,547,385,758,758,2135,943,29964,6467]} 1. b3 e5 2. Bb2 d6 3. e3 c5 4. d4 cxd4 5. exd4 Nd7 $146 ({Predecessor:} 5... Nc6 6. Nf3 e4 7. Nfd2 f5 8. d5 Ne5 9. Nxe4 fxe4 10. Bxe5 dxe5 11. Qh5+ g6 12. Qxe5+ Kf7 13. Qxh8 Bg7 14. Qxh7 Qg5 {0-1 (14) Li,C (2732)-Wang,Y (2690) Riadh 2017}) 6. c4 {A01: Nimzowitsch-Larsen Opening} Ngf6 7. Nc3 Be7 8. Nf3 {White is slightly better.} O-O 9. Be2 Re8 10. O-O Bf8 11. Qc2 g6 12. Rad1 Qc7 13. b4 (13. Ng5 $16) 13... e4 14. Ng5 {[%cal Rg5e4]} d5 15. Nb5 ({Much weaker is} 15. cxd5 h6 $15) 15... Qd8 16. c5 Nb8 17. Qb3 h6 18. Nh3 a6 19. Na3 Bxh3 (19... g5 $11) 20. Qxh3 $14 Nc6 {[%cal Bb8c6,Bc6e7,Be7f5][%mdl 32]} 21. Nc2 Qc8 22. Qg3 Ne7 23. a4 Nf5 24. Qb3 Kh7 25. Bc1 Qc7 26. Qh3 Bg7 27. g3 (27. g4 $16 Ne7 28. Qh4) 27... Qd7 $11 28. g4 Qxa4 29. gxf5 {And now Qc3 would win.} Qxc2 30. fxg6+ fxg6 31. Rfe1 Qa4 32. Bd2 Qd7 33. Qh4 ({Better is} 33. Qxd7 $15 Nxd7 34. b5) 33... Qf5 (33... Ng8 $142 34. Bf4 h5) 34. Kh1 e3 (34... Ng8 $17 35. Be3 Ne7) 35. Bxe3 g5 (35... Ne4 $11) 36. Qg3 $14 Ne4 37. Qg2 Kh8 38. Rc1 Re7 39. Kg1 Rae8 {White should prevent ...Nxf2.} 40. Bh5 Rf8 41. Red1 Nf6 42. Be2 Rfe8 (42... Qd7 $11) 43. b5 axb5 $1 44. Bxb5 Rf8 45. Bd3 Qd7 46. Be2 Ne8 {[#]} (46... Re4 $11 {remains equal.}) 47. Rb1 $1 $16 Nf6 48. Rb4 ({White should try} 48. Rb3 $16) 48... Ne4 {...Nxf2 is the strong threat.} 49. Bg4 Qe8 50. Qh3 Qf7 $1 51. Rf1 $36 {[%mdl 2048] White is pushing.} Qg6 $2 (51... Nf6 $1 $14 52. Be2 g4) 52. Rb6 $18 Rf6 53. Bh5 (53. Rfb1 $18) 53... g4 $16 54. Qxg4 Qxg4+ 55. Bxg4 {Threatens to win with Rfb1.} Rxb6 56. cxb6 Nf6 (56... Nd6 $16) 57. Bf5 $18 Ne8 58. Ra1 Nd6 59. Bg6 (59. Ra8+ $142 Re8 60. Rxe8+ Nxe8 61. Be6) 59... Bf8 {Hoping for ...Rg7.} 60. Ra8 Kg7 61. Bd3 Re8 62. Ra7 Re7 63. Ra8 Re8 $1 {[%cal Re8a8]} 64. Ra7 Re7 $1 65. Bf4 Nc8 66. Ra8 ({White should play} 66. Ra5 $18) 66... Re1+ (66... Nxb6 $16 {might work better.} 67. Ra5 Re6 68. Be5+ Kf7) 67. Kg2 Nxb6 68. Rb8 Nd7 $2 (68... Nc4 {was worth a try.} 69. Rxb7+ Kf6 70. Bxc4 dxc4) 69. Rxb7 Re7 70. Rb5 Nf6 71. Be5 {Strongly threatening Rb6.} Rd7 $2 (71... Kf7 72. Bf4 Nh5) 72. Bf5 Ra7 73. Rxd5 Be7 74. Rb5 Kf7 75. d5 Nd7 76. Be6+ Kg6 77. Bd4 Rc7 78. f4 {[%cal Bf2f4,Bf4f5][%mdl 32]} Rc2+ $2 (78... Bd6 79. Kf3 Rc4) 79. Kf3 Nf6 {[#]} 80. Rb7 (80. d6 $142 $1 Rd2 (80... Bxd6 81. Bf5+) 81. f5+ Kg7 82. dxe7 Rxd4 83. Rb8 Rd3+ 84. Kf4 Rd4+ 85. Ke3 Re4+ 86. Kf3) 80... Bc5 81. f5+ {Precision: White = 46%, Black = 39%.} 1-0